000 00864nam a22002657a 4500
001 BR6500282
003 BR-BrBNA
005 20230928083428.0
007 ta
008 230509b bl.||||| |||| 00| 0 por d
040 _aBR-BrBNA
_bpor
_cBiblioteca Nacional de Agricultura
041 _a(Por)
072 _aF28
_b/G514
090 _ F28 BR6500282
100 1 _aPundek, M.
110 1 _aAssociacao de Credito e Assistencia Rural do Estado de Santa Catarina, Florianopolis (Brasil)
_9468
245 1 _aTerracos [erosao do solo, Brasil]
260 3 _aFlorianopolis, SC (Brasil):
_c1965.
300 _a12 p.
500 _a(*) Documento disponível no(a) Associacao de Credito e Assistencia Rural do Estado de Santa Catarina, Florianopolis (Brazil)
650 _aEROSAO DO SOLO
650 _aTERRACO
909 _a202309
_bLucia
_c55
_dLucia Elande
942 _cBK
999 _c13428
_d13428